000 00939cab a2200229 4500
001 ABS39004
008 090401t1987 xxu||||| |||| 00| 0 eng d
035 _a(Sirsi) u13730
041 _aeng
100 _aFlanagan, R.
245 _aLife cycle costing and risk management
260 _c1987
350 _a0
490 _aConstruction Management & Economics
_vSpecial Edition 1987, S53-S71(19)
520 _aOutlines various risk management systems and discusses how techniques can be incorporated in life cycle costing . Examines two techniques - sensitivity and probability analysis, and shows how they can be used to enhance a life cycle costing system. Finally the use of sensitivity analysis is described by means of a case study of building finishes. References. Figures.
690 _aBUILT ENVIRONMENT
700 _aKendall, A.
700 _aNorman, G.
700 _aRobinson, G.D.
942 _n0
948 _c04/03/1997
999 _c8843
_d8843